| 000 | 05651cam a22019214i 4500 | ||
|---|---|---|---|
| 003 | PE-LiUPU | ||
| 005 | 20250813165909.0 | ||
| 008 | 150706s2012 spaa rb 001 0 spa d | ||
| 020 | _a9788480869010 | ||
| 020 | _a8480869011 | ||
| 035 | _a(Sirsi) i9788480869010 | ||
| 040 |
_aPE-LiUPU _bspa _cPE-LiUPU _erda |
||
| 041 | 1 |
_aspa _heng |
|
| 049 | _aPRUA | ||
| 082 | 0 | 4 |
_a610.736 _bB94 _221 |
| 100 | 1 |
_aBurns, Nancy, _eautor. |
|
| 245 | 1 | 0 |
_aInvestigación en enfermería : _bdesarrollo de la práctica enfermera basada en la evidencia / _cNancy Burns y Susan K. Grove. |
| 246 | 3 | 0 | _aDesarrollo de la práctica enfermera basada en la evidencia |
| 250 | _a5.a edición. | ||
| 264 | 1 |
_aBarcelona : _bElsevier Saunders, _c2012. |
|
| 300 |
_axii, 582 páginas : _bilustraciones ; _c24 centímetros. |
||
| 336 |
_atext _2rdacontent |
||
| 337 |
_aunmediated _2rdamedia |
||
| 338 |
_avolume _2rdacarrier |
||
| 500 | _aTítulo original: Understanding Nursing Research. Building an Evidence-Based Practice. | ||
| 504 | _aBibliografía : páginas 539-540. | ||
| 504 | _aÍndice : páginas 563-582. | ||
| 505 | 0 | _aIntroducción a la investigación en enfermería y a la práctiva basada en la evidencia -- Introducción al proceso de investigación cuantitativa -- Introducción al proceso de investigación cualitativa -- Ética de la investigación en enfermería -- Problemas, objetivos e hipótesis de investigación -- Revisión de la literatura científica sobre los estudios publicados -- Comprensión de la teoría y estructuras de investigación -- Clarificación de los diseños de investigación cuantitativos -- Examen de poblaciones y muestras en investigación -- Aclaración de las mediciones y de la recogida de datos en la investigación cuantitativa -- Nociones de estadística en la investigación -- Evaluación crítica de la investigación cuantitativa y cualitativa para la práctica de la enfermería -- Ejercicio de la enfermería basado en la evidencia -- Introducción a la investigación de resultados -- . | |
| 526 | _aP203 | ||
| 526 | _aP200 | ||
| 526 | _aSEG65 | ||
| 526 | _aSEG64 | ||
| 526 | _aSEG63 | ||
| 526 | _aSEG62 | ||
| 526 | _aSEG61 | ||
| 526 | _aSEG60 | ||
| 526 | _aSEG59 | ||
| 526 | _aSEG58 | ||
| 526 | _aSEG57 | ||
| 526 | _aSEG56 | ||
| 526 | _aSEG55 | ||
| 526 | _aSEG54 | ||
| 526 | _aSEG53 | ||
| 526 | _aSEG52 | ||
| 526 | _aSEG51 | ||
| 526 | _aSEG50 | ||
| 526 | _aSEG49 | ||
| 526 | _aSEG48 | ||
| 526 | _aSEG47 | ||
| 526 | _aSEG46 | ||
| 526 | _aSEG24 | ||
| 526 | _aSEG23 | ||
| 526 | _aSEG22 | ||
| 526 | _aSEG21 | ||
| 526 | _aSEG20 | ||
| 526 | _aSEG19 | ||
| 526 | _aSEG18 | ||
| 526 | _aSEG17 | ||
| 526 | _aSEG16 | ||
| 526 | _aSEG14 | ||
| 526 | _aSEG13 | ||
| 526 | _aSEG12 | ||
| 526 | _aSEG11 | ||
| 526 | _aSEG10 | ||
| 526 | _aSEG09 | ||
| 526 | _aSEG06 | ||
| 526 | _aSEG05 | ||
| 526 | _aSEG04 | ||
| 526 | _aSEG03 | ||
| 526 | _aSEG02 | ||
| 526 | _aSEG68 | ||
| 526 | _aSEG66 | ||
| 526 | _aSEG45 | ||
| 526 | _aSEG25 | ||
| 526 | _aSEG01 | ||
| 526 | _aP163 | ||
| 526 | _aP162 | ||
| 526 | _aP161 | ||
| 526 | _aP160 | ||
| 526 | _aP159 | ||
| 526 | _aP158 | ||
| 526 | _aP157 | ||
| 526 | _aP156 | ||
| 526 | _aP155 | ||
| 526 | _aP154 | ||
| 526 | _aP153 | ||
| 526 | _aP152 | ||
| 526 | _aP151 | ||
| 526 | _aP150 | ||
| 526 | _aP149 | ||
| 526 | _aP142 | ||
| 526 | _aP141 | ||
| 526 | _aP140 | ||
| 526 | _aP139 | ||
| 526 | _aP138 | ||
| 526 | _aP137 | ||
| 526 | _aP132 | ||
| 526 | _aP131 | ||
| 526 | _aP130 | ||
| 526 | _aP126 | ||
| 526 | _aP125 | ||
| 526 | _aP124 | ||
| 526 | _aP123 | ||
| 526 | _aP115 | ||
| 526 | _aP122 | ||
| 526 | _aP121 | ||
| 526 | _aP116 | ||
| 526 | _a P114 | ||
| 526 | _aP112 | ||
| 526 | _aP111 | ||
| 526 | _aP104 | ||
| 526 | _aP103 | ||
| 526 | _aP102 | ||
| 526 | _aP101 | ||
| 526 | _aP100 | ||
| 526 | _aP96 | ||
| 526 | _aP95 | ||
| 526 | _aP93 | ||
| 526 | _aP92 | ||
| 526 | _aP91 | ||
| 526 | _aP88 | ||
| 526 | _aP83 | ||
| 526 | _aP82 | ||
| 526 | _aP79 | ||
| 526 | _aP78 | ||
| 526 | _aP75 | ||
| 526 | _aP74 | ||
| 526 | _aP71 | ||
| 526 | _aP69 | ||
| 526 | _a P51 | ||
| 526 | _aP49 | ||
| 526 | _aP48 | ||
| 526 | _aP47 | ||
| 526 | _aP33 | ||
| 526 | _aP31 | ||
| 526 | _a P30 | ||
| 526 | _aP29 | ||
| 526 | _aP27 | ||
| 526 | _aP26 | ||
| 526 | _aP25 | ||
| 526 | _aP24 | ||
| 526 | _a P22 | ||
| 526 | _aP10 | ||
| 526 | _aP09 | ||
| 526 | _a P08 | ||
| 526 | _aP06 | ||
| 526 | _aP05 | ||
| 526 | _aP04 | ||
| 526 | _aP01 | ||
| 534 | _alpTítulo Original :ltUnderstanding Nursing Research. Building an Evidence-Based Practice. | ||
| 650 | 0 | 4 |
_aEnfermería _xMetodología. |
| 650 | 0 | 4 |
_aEnfermería _xInvestigación. |
| 700 | 1 |
_aGrove, Susan K., _eautor. |
|
| 910 |
_agl _cbd _d20130808 |
||
| 942 |
_2ddc _cBOOK |
||
| 949 |
_a610.736 _wDEWEY _c2 _lCCODEBUL1 _mBUL _p145.99 _r0 _sY _tBOOK _u2016-04-05 _oStaff.Coleción General 1 _0Compra. |
||
| 994 |
_aC0 _bPEPRU |
||
| 596 | _a1 | ||
| 999 |
_a616.083 B94 _wDEWEY _c54458 _i66147 _d54458 _e2016-5-3 _f2021-11-4 _g5 _lCCODEBUL1 _mBUL _n2 _p57.00 _r0 _sY _tBOOK _u2015-7-6 _xSALUD _PP22 _0COMPRA _o.STAFF. Colección Ciencias de la Salud |
||
| 999 |
_a616.083 B94 _wDEWEY _c2 _i66148 _f2021-11-4 _g5 _lCCODEBUL1 _mBUL _p57.00 _r0 _sY _tBOOK _u2015-7-6 _xSALUD _PP22 _0COMPRA _o.STAFF. Colección General |
||
| 999 |
_a616.083 B94 _wDEWEY _c3 _i67087 _d2018-7-12 _e2017-5-25 _f2021-11-4 _g5 _lCCODEBUL1 _mBUL _n5 _p59.00 _q1 _r0 _sY _tBOOK _u2015-7-6 _xSALUD _PP22 _0COMPRA _o.STAFF. Colección Ciencias de la Salud |
||
| 980 |
_81 _gALBERTO SANCHEZ Responsable de Automatización |
||